000 00247nam a2200097Ia 4500
001 1203640
005 20250827022713.0
008 250824s9999 xx 000 0 und d
245 0 _aKÜÇÜK ŞEYLER 3
_cÜSTÜN DÖKMEN
260 _bREMZİ KİTABEVİ
999 _c1203640
_d1203640